000 00998nam a2200253Ia 4500
001 21792
005 20260320113313.0
008 260320s9999||||xx |||||||||||||| ||und||
020 _a9786200855725
041 _aESP
082 _a629.89
_bE334
100 _aEfheij, Hafed,
_eAUT
245 0 _aModelo de control predictivo y controlador PID en el sistema de tiempo real :
_bdiseño, implementación y comparación del controlador MPC y PID en el sistema de control de procesos en tiempo real
246 _a
_5
_b
260 _aBeau Bassin :
_bInternational Book Service,
_c2020
300 _a109 páginas :
_bilustraciones, tablas, diagramas ;
_c22 cm.
_e
440 _a
_n
_v
650 _aTCA
653 _aControl Predictivo Basado en Modelo (MPC); Diseño de sistemas de control; Sistemas industriales
654 _aCII
700 _a
_c
856 _uhttps://ebooks7-24-com.ucsp.lookproxy.com/stage.aspx?il=&pg=&ed=
_zVéase además: Base de datos Ebook7-24
942 _cLIB
_dJUS
_fMAT
_2ddc
_n
999 _c21792
_d21792